000 00290nam a2200121Ia 4500
008 190216s9999||||xx |||||||||||||| ||und||
100 _aMadhava Rao V N
245 0 _aJack Fruit In India
260 _bIndian Council Og Agri Research
_c1965
300 _a18p
650 _aBotany
942 _cBK
999 _c1241
_d1241